[Event "16th EUR-ch"]
[Site "Jerusalem ISR"]
[Date "2015.02.24"]
[Round "1"]
[White "Damaso, Rui"]
[Black "Navara, David"]
[Result "0-1"]
[WhiteElo "2451"]
[BlackElo "2735"]
[EventDate "2015.02.24"]
[PlyCount "148"]

1.Nf3 Nf6 2.c4 b6 3.d4 e6 4.g3 Ba6 5.Qb3 Nc6 6.Nbd2 h5 7.e4 h4 8.Qa4 Bb7 
9.d5 hxg3 10.dxc6 Bxc6 11.Qc2 gxf2+ 12.Ke2 Nh5 13.Nb3 Ng3+ 14.hxg3 Rxh1 
15.Kxf2 Rxf1+ 16.Kxf1 Qf6 17.Nd4 Bb7 18.e5 Qe7 19.Bg5 f6 20.exf6 gxf6 21.
Qg6+ Qf7 22.Qxf6 Qxf6 23.Bxf6 c5 24.Nxe6 dxe6 25.Ne5 Be7 26.Bxe7 Kxe7 27.
Rd1 Kf6 28.Ng4+ Kf5 29.Ne3+ Ke4 30.Ke2 Rg8 31.Rd6 Bc8 32.Nf1 e5 33.Nd2+ 
Kf5 34.Nf1 e4 35.Rh6 Ke5 36.Ke3 Bg4 37.Rh4 Bf3 38.Rh2 Rd8 39.Rd2 Rd4 40.b3
a5 41.Nh2 Bd1 42.g4 a4 43.bxa4 Bxa4 44.g5 Rxc4 45.Ng4+ Kf5 46.Nh6+ Kxg5 
47.Nf7+ Kf6 48.Nd6 Rb4 49.Nxe4+ Ke5 50.Nc3 Bc6 51.Rh2 Bd7 52.Rh8 Bf5 53.
Re8+ Kd6 54.Rf8 Ke6 55.Rb8 Kd7 56.Rf8 Be6 57.Rf4 Kc6 58.Rxb4 cxb4 59.Nd1 
Kb5 60.Nb2 Bxa2 61.Kd2 Kc5 62.Kc2 Kd4 63.Nd1 Be6 64.Nf2 Ke3 65.Nd1+ Ke2 
66.Nb2 b5 67.Nd1 Bf5+ 68.Kc1 Kd3 69.Nf2+ Kc3 70.Nd1+ Kb3 71.Ne3 Be4 72.Nd1
Ka2 73.Nb2 b3 74.Nd1 Ka1 0-1

[Event "16th EUR-ch"]
[Site "Jerusalem ISR"]
[Date "2015.02.24"]
[Round "1"]
[White "Vitiugov, Nikita"]
[Black "Goryachkina, Aleksandra"]
[Result "1-0"]
[WhiteElo "2735"]
[BlackElo "2451"]
[EventDate "2015.02.24"]
[PlyCount "105"]

1.Nf3 d5 2.g3 c6 3.Bg2 Bg4 4.c4 Nd7 5.cxd5 cxd5 6.Nc3 e6 7.Qa4 Bxf3 8.Bxf3
a6 9.d4 Nf6 10.e4 b5 11.Qb3 Nb6 12.e5 Nfd7 13.Ne2 Rc8 14.h4 Nb8 15.Kf1 Nc6
16.Kg2 Be7 17.Qd1 Qd7 18.b3 b4 19.Qd3 Qb7 20.Nf4 Na8 21.Nh5 O-O 22.Bg5 f6 
23.exf6 Bxf6 24.Nxf6+ gxf6 25.Bh6 Rfd8 26.Rhe1 Qd7 27.Bg4 Nc7 28.Qe3 Ne7 
29.Bxe6+ Nxe6 30.Qxe6+ Qxe6 31.Rxe6 Kf7 32.Rxa6 Ra8 33.Rb6 Rab8 34.Rxb8 
Rxb8 35.Rc1 Ra8 36.Bd2 h5 37.Bxb4 Nf5 38.Rc2 Nxd4 39.Rd2 Nc6 40.Bc3 d4 41.
Bxd4 Nxd4 42.Rxd4 Rxa2 43.Rf4 Rb2 44.b4 Rb3 45.Kf1 Rb2 46.Ke1 Ke6 47.Kd1 
f5 48.Kc1 Ra2 49.b5 Ra5 50.Rb4 Kd7 51.Kd2 Ra3 52.Ke2 Rc3 53.b6 1-0

[Event "16th EUR-ch"]
[Site "Jerusalem ISR"]
[Date "2015.02.24"]
[Round "1"]
[White "Iljiushenok, Ilia"]
[Black "Eljanov, Pavel"]
[Result "0-1"]
[WhiteElo "2450"]
[BlackElo "2727"]
[EventDate "2015.02.24"]
[PlyCount "118"]

1.e4 c5 2.Nf3 e6 3.d4 cxd4 4.Nxd4 Nc6 5.Nc3 Qc7 6.Be3 a6 7.Bd3 Nf6 8.O-O 
Ne5 9.Qd2 d6 10.h3 Be7 11.f4 Nc4 12.Bxc4 Qxc4 13.e5 Nd5 14.Ne4 Nxe3 15.
Qxe3 dxe5 16.fxe5 Bd7 17.Rad1 Qc7 18.Qf4 O-O 19.c3 Rad8 20.Rd3 f6 21.Nxf6+
gxf6 22.Rg3+ Kh8 23.Rg7 fxe5 24.Qh6 Rxf1+ 25.Kxf1 Bb5+ 26.Kg1 Bd3 27.Nxe6 
Qb6+ 28.Kh1 Bf8 29.Qf6 Qxe6 30.Rg8+ Kxg8 31.Qxe6+ Kg7 32.Qxe5+ Kf7 33.Qc7+
Be7 34.Qxb7 Rd6 35.Qf3+ Bf6 36.c4 Bxc4 37.Qh5+ Ke6 38.Qg4+ Kd5 39.Qf5+ Kc6
40.Qc8+ Kd5 41.Qf5+ Be5 42.b3 Bb5 43.Qxh7 Rf6 44.g4 Rf2 45.g5 Bc6 46.Kg1 
Bd4 47.Qg8+ Kd6 48.Qd8+ Bd7 49.Kh1 Re2 50.Qf8+ Kc7 51.Qf7 Rf2 52.Qe7 Rc2 
53.g6 Bc5 54.Qf7 Rf2 55.Qg7 Kd6 56.b4 Bb6 57.Qh6 Bc6+ 58.Kg1 Bd5 59.a4 Bd4
0-1

[Event "16th EUR-ch"]
[Site "Jerusalem ISR"]
[Date "2015.02.24"]
[Round "1"]
[White "Forster, Richard"]
[Black "Bacrot, Etienne"]
[Result "1/2-1/2"]
[WhiteElo "2446"]
[BlackElo "2711"]
[EventDate "2015.02.24"]
[PlyCount "85"]

1.c4 Nf6 2.g3 c6 3.Bg2 d5 4.Nf3 dxc4 5.O-O Nbd7 6.Na3 Nb6 7.Qc2 g6 8.Nxc4 
Nxc4 9.Qxc4 Bg7 10.b4 Nd5 11.Rb1 Bf5 12.e4 Nb6 13.Qc2 Bg4 14.Bb2 O-O 15.
Bxg7 Kxg7 16.Qc3+ f6 17.d4 Qd7 18.Rfd1 Rfd8 19.Qc2 Qe6 20.a4 Qc4 21.Qxc4 
Nxc4 22.h3 Bxf3 23.Bxf3 e5 24.Be2 Nd6 25.f3 exd4 26.Rxd4 Kf8 27.Rbd1 Ke7 
28.Kf2 a5 29.bxa5 Rxa5 30.Rc1 f5 31.exf5 Nxf5 32.Re4+ Kf6 33.g4 Nd4 34.Rc4
c5 35.h4 h6 36.f4 b6 37.g5+ hxg5 38.fxg5+ Kf7 39.h5 Nxe2 40.hxg6+ Kxg6 41.
Kxe2 Kxg5 42.Re6 Kf5 43.Rxb6 1/2-1/2

[Event "16th EUR-ch"]
[Site "Jerusalem ISR"]
[Date "2015.02.24"]
[Round "1"]
[White "Vallejo Pons, Francisco"]
[Black "Gruenfeld, Yehuda"]
[Result "1/2-1/2"]
[WhiteElo "2706"]
[BlackElo "2444"]
[EventDate "2015.02.24"]
[PlyCount "102"]

1.e4 c5 2.Nf3 d6 3.d4 cxd4 4.Nxd4 Nf6 5.Nc3 a6 6.Bg5 e6 7.f4 Be7 8.Qf3 Qc7
9.O-O-O Nbd7 10.g4 b5 11.Bxf6 Nxf6 12.g5 Nd7 13.f5 Bxg5+ 14.Kb1 O-O 15.
fxe6 Nb6 16.Bd3 Bf6 17.Nd5 Nxd5 18.exd5 Bxd4 19.Qe4 g6 20.exf7+ Rxf7 21.
Qxd4 Bf5 22.Rhe1 Raf8 23.b3 a5 24.h4 Bxd3 25.Qxd3 Qc5 26.h5 gxh5 27.Rg1+ 
Kh8 28.Rg5 Rf3 29.Qe4 Qe3 30.Qxe3 Rxe3 31.Rxh5 Ref3 32.Kb2 R3f5 33.Rh3 Rc8
34.Rh6 Rf2 35.Rc1 Rd8 36.Rch1 Rd7 37.Re6 Kg7 38.Rg1+ Kf7 39.Rh6 Kf8 40.Rg3
Rf5 41.c4 Rf2+ 42.Kc3 b4+ 43.Kd3 a4 44.bxa4 Rxa2 45.Kd4 Rxa4 46.Rf6+ Ke7 
47.Rg7+ Kd8 48.Rf8+ Kc7 49.Rxd7+ Kxd7 50.Rf7+ Kc8 51.Rxh7 Ra1 1/2-1/2

[Event "16th EUR-ch"]
[Site "Jerusalem ISR"]
[Date "2015.02.24"]
[Round "1"]
[White "Kantsler, Boris"]
[Black "Matlakov, Maxim"]
[Result "0-1"]
[WhiteElo "2435"]
[BlackElo "2695"]
[EventDate "2015.02.24"]
[PlyCount "52"]

1.d4 Nf6 2.c4 e6 3.Nc3 Bb4 4.e3 O-O 5.Bd3 d5 6.Nf3 b6 7.O-O Bb7 8.cxd5 
exd5 9.Bd2 Nbd7 10.Rc1 a6 11.a3 Bd6 12.b4 Ne4 13.Be1 Qe7 14.Qb3 Ndf6 15.a4
Rfc8 16.b5 axb5 17.axb5 Ra3 18.Qb1 Rca8 19.Ne2 h6 20.Ng3 Qe6 21.Ne5 Bxe5 
22.dxe5 Qxe5 23.f4 Qe6 24.Bxe4 dxe4 25.Rxc7 Bd5 26.Bc3 Ne8 0-1

[Event "16th EUR-ch"]
[Site "Jerusalem ISR"]
[Date "2015.02.24"]
[Round "1"]
[White "Kryvoruchko, Yuriy"]
[Black "Nakar, Eylon"]
[Result "1/2-1/2"]
[WhiteElo "2692"]
[BlackElo "2435"]
[EventDate "2015.02.24"]
[PlyCount "58"]

1.e4 e6 2.d4 d5 3.Nd2 c5 4.exd5 Qxd5 5.Ngf3 cxd4 6.Bc4 Qd6 7.O-O Nf6 8.Nb3
Nc6 9.Nbxd4 Nxd4 10.Nxd4 a6 11.Re1 Qc7 12.Qe2 h6 13.Bd3 Bd6 14.h3 O-O 15.
Qf3 b5 16.Qxa8 Bb7 17.Qxf8+ Kxf8 18.c3 Qc5 19.Bf1 Kg8 20.Be3 Qe5 21.f4 Qh5
22.Ne2 Nd5 23.Bf2 Bxf4 24.Nxf4 Nxf4 25.Bg3 Nxh3+ 26.gxh3 Qf3 27.Bb8 Qh1+ 
28.Kf2 Qf3+ 29.Kg1 Qh1+ 1/2-1/2

[Event "16th EUR-ch"]
[Site "Jerusalem ISR"]
[Date "2015.02.24"]
[Round "1"]
[White "Draskovic, Luka"]
[Black "Riazantsev, Alexander"]
[Result "0-1"]
[WhiteElo "2432"]
[BlackElo "2688"]
[EventDate "2015.02.24"]
[PlyCount "66"]

1.e4 c6 2.d4 d5 3.e5 Bf5 4.h4 a6 5.g4 Bd7 6.Nc3 e6 7.Be3 Qc7 8.f4 c5 9.Nf3
h5 10.gxh5 Rxh5 11.Ng5 Rh8 12.f5 cxd4 13.fxe6 Bxe6 14.Bxd4 Nc6 15.Nxe6 
fxe6 16.Qg4 Nxd4 17.Qxd4 O-O-O 18.O-O-O Ne7 19.Bh3 Rh6 20.Qf4 Kb8 21.Qf7 
d4 22.Ne4 Qxe5 23.Rhe1 Rxh4 24.Bg2 Rf4 25.Nd2 Rxf7 26.Rxe5 Rf6 27.Bh3 Nd5 
28.Ne4 Rh6 29.Ng5 Bd6 30.Re4 Bf4+ 31.Rxf4 Nxf4 32.Nf7 Rg8 33.Nxh6 gxh6 0-1

[Event "16th EUR-ch"]
[Site "Jerusalem ISR"]
[Date "2015.02.24"]
[Round "1"]
[White "Petenyi, Tamas"]
[Black "Cheparinov, Ivan"]
[Result "1/2-1/2"]
[WhiteElo "2428"]
[BlackElo "2681"]
[EventDate "2015.02.24"]
[PlyCount "119"]

1.e4 c6 2.d4 d5 3.e5 c5 4.dxc5 e6 5.Be3 Nd7 6.Bb5 Ne7 7.Nf3 Nf5 8.Bd4 Qa5+
9.Nc3 a6 10.Bxd7+ Bxd7 11.O-O Nxd4 12.Nxd4 Qxc5 13.Qg4 Qb6 14.Rad1 h5 15.
Qf3 Bc5 16.Nb3 Be7 17.Rd4 g5 18.Rfd1 Bc6 19.R4d3 g4 20.Qf4 Rg8 21.Qh6 
O-O-O 22.Qxh5 Rdf8 23.Nd4 Rg6 24.b3 Qd8 25.Nxe6 Rxe6 26.Nxd5 Bxd5 27.Rxd5 
Qc7 28.c4 Kb8 29.Qxg4 Rxe5 30.g3 f5 31.Qf4 Rxd5 32.Qxc7+ Kxc7 33.Rxd5 f4 
34.Kg2 Kc6 35.f3 fxg3 36.hxg3 Rd8 37.Rxd8 Bxd8 38.f4 Kc5 39.Kf3 Kd4 40.g4 
a5 41.g5 Be7 42.Kg4 Ke4 43.f5 Ke5 44.f6 Bf8 45.Kh5 Kf5 46.f7 b6 47.a3 Bxa3
48.Kh6 Bf8+ 49.Kh7 Kxg5 50.Kg8 Bc5 51.f8=Q Bxf8 52.Kxf8 Kf6 53.Ke8 Ke6 54.
Kd8 Kd6 55.Kc8 Kc6 56.Kb8 b5 57.cxb5+ Kxb5 58.Kb7 Kb4 59.Ka6 Kxb3 60.Kxa5 
1/2-1/2

[Event "16th EUR-ch"]
[Site "Jerusalem ISR"]
[Date "2015.02.24"]
[Round "1"]
[White "Sjugirov, Sanan"]
[Black "Ferreira, Jorge Viterbo"]
[Result "1/2-1/2"]
[WhiteElo "2678"]
[BlackElo "2427"]
[EventDate "2015.02.24"]
[PlyCount "104"]

1.d4 d5 2.c4 c6 3.Nf3 Nf6 4.Nc3 a6 5.e3 Bf5 6.Bd3 Bxd3 7.Qxd3 e6 8.O-O Bb4
9.Bd2 O-O 10.a3 Ba5 11.b4 Bc7 12.e4 dxe4 13.Nxe4 Nxe4 14.Qxe4 Nd7 15.Bg5 
Nf6 16.Qe3 Qd6 17.Ne5 Nh5 18.Bh4 f6 19.Nf3 Rfe8 20.Rfe1 a5 21.Rab1 axb4 
22.axb4 b5 23.Rec1 Qd7 24.Bg3 Nxg3 25.hxg3 bxc4 26.Rxc4 Bd6 27.g4 h6 28.
Qe4 Rac8 29.Nh4 Bf8 30.Rbc1 Qd5 31.Qxd5 exd5 32.Rxc6 Rb8 33.Rb1 Re4 34.Nf5
Rxb4 35.Rxb4 Re1+ 36.Kh2 Bxb4 37.Ne3 Bd2 38.Nxd5 Re4 39.Rc4 Rxg4 40.Ne7+ 
Kf7 41.Nf5 Ke6 42.f3 Rg5 43.g4 Bf4+ 44.Kh3 g6 45.Nh4 Bd6 46.f4 Bxf4 47.d5+
Rxd5 48.Rxf4 g5 49.Re4+ Re5 50.Rxe5+ Kxe5 51.Nf5 h5 52.Ng3 hxg4+ 1/2-1/2

[Event "16th EUR-ch"]
[Site "Jerusalem ISR"]
[Date "2015.02.24"]
[Round "1"]
[White "Sipila, Vilka"]
[Black "Alekseev, Evgeny"]
[Result "1/2-1/2"]
[WhiteElo "2425"]
[BlackElo "2677"]
[EventDate "2015.02.24"]
[PlyCount "91"]

1.d4 Nf6 2.c4 e6 3.Nc3 Bb4 4.e3 O-O 5.Bd3 d5 6.Nf3 c5 7.O-O cxd4 8.exd4 
dxc4 9.Bxc4 b6 10.Qb3 Bxc3 11.bxc3 Nc6 12.Qd1 Bb7 13.Bg5 Rc8 14.Bd3 Ne7 
15.Bxf6 gxf6 16.Rc1 Ng6 17.Re1 Rc7 18.Nd2 f5 19.Bf1 Kh8 20.Qe2 Rg8 21.f3 
Qh4 22.Kh1 Rgc8 23.Nb1 Bd5 24.Qb2 Bc4 25.Bxc4 Rxc4 26.Red1 Qf6 27.Na3 R4c7
28.Nb5 Rd7 29.Qa3 Ne7 30.c4 Rcd8 31.Re1 Nc6 32.d5 exd5 33.cxd5 Rxd5 34.
Nxa7 Ne5 35.Qb2 Kg7 36.Nc6 Nxc6 37.Qxf6+ Kxf6 38.Rxc6+ R8d6 39.Rxd6+ Rxd6 
40.Rb1 b5 41.h4 Ra6 42.Rxb5 Rxa2 43.Kh2 Ra4 44.Kg3 Rc4 45.Rb6+ Kg7 46.Ra6 
1/2-1/2

[Event "16th EUR-ch"]
[Site "Jerusalem ISR"]
[Date "2015.02.24"]
[Round "1"]
[White "Sarana, Alexey"]
[Black "Zhigalko, Sergei"]
[Result "1-0"]
[WhiteElo "2419"]
[BlackElo "2675"]
[EventDate "2015.02.24"]
[PlyCount "135"]

1.d4 d5 2.c4 e6 3.Nf3 c6 4.Qc2 dxc4 5.Qxc4 Nf6 6.g3 b5 7.Qc2 Bb7 8.Bg2 
Nbd7 9.Nc3 c5 10.Be3 b4 11.Na4 Be4 12.Qc1 cxd4 13.Bxd4 e5 14.Be3 Rc8 15.
Qd2 Qa5 16.b3 Be7 17.O-O O-O 18.Rac1 Nb6 19.Nxb6 axb6 20.Qb2 Rc3 21.a4 
Rxe3 22.fxe3 Bc5 23.Kh1 Bxe3 24.Rc4 Bd5 25.Nxe5 Bxc4 26.Nxc4 Qc5 27.Bf3 
Bd4 28.Qd2 b5 29.axb5 Bc3 30.Qd6 Qxb5 31.Rd1 h5 32.Qe7 g6 33.Nd6 Qe5 34.
Qxe5 Bxe5 35.Nc4 Bc3 36.Rd6 Re8 37.Rb6 Rd8 38.Rd6 Re8 39.Rb6 Nd7 40.Rb5 
Kg7 41.Bc6 Rd8 42.Rd5 Nb8 43.Rxd8 Nxc6 44.Rd7 Nd4 45.Nd6 Kf6 46.Ne4+ Ke5 
47.Nxc3 bxc3 48.Rc7 Nxb3 49.Rxc3 Nd4 50.Kg2 Nf5 51.Rc7 Ke6 52.Kf3 Kf6 53.
Ra7 Nd4+ 54.Ke3 Ne6 55.Ra5 Ng7 56.Ke4 Ne6 57.Ra6 Ke7 58.Rc6 Kd7 59.Rb6 Ke7
60.Kd5 Kf6 61.e4 Ke7 62.Rxe6+ fxe6+ 63.Ke5 g5 64.h3 Kf7 65.Kd6 Kf6 66.g4 
hxg4 67.hxg4 Kf7 68.e5 1-0

[Event "16th EUR-ch"]
[Site "Jerusalem ISR"]
[Date "2015.02.24"]
[Round "1"]
[White "Melkumyan, Hrant"]
[Black "Mikaelyan, Arman"]
[Result "1/2-1/2"]
[WhiteElo "2673"]
[BlackElo "2418"]
[EventDate "2015.02.24"]
[PlyCount "114"]

1.c4 c6 2.e4 d5 3.exd5 cxd5 4.d4 Nf6 5.Nc3 g6 6.Qb3 Bg7 7.cxd5 O-O 8.Nge2 
Na6 9.g3 b6 10.Bg2 Bb7 11.O-O Qd7 12.Bg5 Rfd8 13.Rfe1 Nxd5 14.Nxd5 Bxd5 
15.Bxd5 Qxd5 16.Qxd5 Rxd5 17.Bxe7 Re8 18.Ba3 Nc7 19.Nf4 Rxe1+ 20.Rxe1 Rd7 
21.d5 Bf8 22.d6 Bxd6 23.Rd1 Nb5 24.Nd5 Kg7 25.Nc3 Nxa3 26.bxa3 Kf8 27.Ne4 
Ke7 28.Re1 Kf8 29.a4 Be7 30.Kf1 Rd4 31.Nc3 Rc4 32.Re3 Bb4 33.Ne4 Kg7 34.h4
h6 35.a3 Bf8 36.a5 bxa5 37.Nd2 Rc2 38.Rd3 Ra2 39.Rd7 Bxa3 40.Ne4 Bb4 41.
Rxa7 a4 42.g4 a3 43.g5 hxg5 44.hxg5 Ra1+ 45.Kg2 Rd1 46.Nf6 Rd8 47.Kf3 Bc5 
48.Ra5 Rc8 49.Ra4 Be7 50.Kg4 Rb8 51.f4 Rd8 52.Ra7 Bf8 53.Nd7 Bd6 54.Ne5 
Rf8 55.Nc4 Bc5 56.Ra4 Rb8 57.Nxa3 Bxa3 1/2-1/2

[Event "16th EUR-ch"]
[Site "Jerusalem ISR"]
[Date "2015.02.24"]
[Round "1"]
[White "Usmanov, Vasily"]
[Black "Grachev, Boris"]
[Result "1/2-1/2"]
[WhiteElo "2414"]
[BlackElo "2670"]
[EventDate "2015.02.24"]
[PlyCount "121"]

1.c4 e6 2.g3 d5 3.d4 Nf6 4.Bg2 Bb4+ 5.Bd2 Be7 6.Nf3 c6 7.Qc2 O-O 8.O-O b6 
9.Rd1 Bb7 10.b3 Ne4 11.Be1 Nd7 12.a4 a5 13.Nc3 f5 14.e3 Bd6 15.Ne2 Rc8 16.
Nf4 Qe7 17.Nd3 c5 18.Nde5 Nxe5 19.dxe5 Bb8 20.Bc3 g5 21.Bb2 dxc4 22.Qxc4 
Rcd8 23.Ne1 g4 24.h4 gxh3 25.Bxh3 Bd5 26.Qc2 Qg7 27.Nd3 Ng5 28.Bg2 Bxg2 
29.Kxg2 Qb7+ 30.Kh2 Nf3+ 31.Kh3 Ng5+ 32.Kh2 Nf3+ 33.Kh3 Qe4 34.Qc4 Ng5+ 
35.Kh2 Nf3+ 36.Kh3 Ng5+ 37.Kh2 Rd7 38.Ne1 Qxc4 39.bxc4 Rfd8 40.Rxd7 Rxd7 
41.Kg2 Ne4 42.Nf3 Bc7 43.Kf1 Nd2+ 44.Nxd2 Rxd2 45.Bc3 Rc2 46.Ra3 Kf7 47.
Ke1 h5 48.f4 Rg2 49.Kf1 Rxg3 50.Be1 Rg8 51.Rd3 Rd8 52.Rxd8 Bxd8 53.Kg2 Ke8
54.Kg3 Be7 55.Bc3 Kd7 56.Bb2 Bd8 57.Ba3 Kc6 58.Kh3 Kb7 59.Kg3 Be7 60.Kh3 
Bd8 61.Kg3 1/2-1/2

[Event "16th EUR-ch"]
[Site "Jerusalem ISR"]
[Date "2015.02.24"]
[Round "1"]
[White "Laznicka, Viktor"]
[Black "Kobo, Ori"]
[Result "1-0"]
[WhiteElo "2670"]
[BlackElo "2410"]
[EventDate "2015.02.24"]
[PlyCount "51"]

1.Nf3 Nf6 2.g3 c5 3.Bg2 Nc6 4.O-O d5 5.d4 e6 6.c4 dxc4 7.Ne5 Bd7 8.Na3 
cxd4 9.Naxc4 Bc5 10.Bf4 O-O 11.Rc1 Nd5 12.Nxd7 Qxd7 13.Ne5 Qd6 14.Nxc6 
Nxf4 15.Na5 Nxg2 16.Nxb7 Qd5 17.Nxc5 Rfc8 18.b4 a5 19.Qb3 Nf4 20.gxf4 Qh5 
21.f3 axb4 22.Nd3 h6 23.Rxc8+ Rxc8 24.Qxb4 Rc2 25.Re1 Qg6+ 26.Kh1 1-0

[Event "16th EUR-ch"]
[Site "Jerusalem ISR"]
[Date "2015.02.24"]
[Round "1"]
[White "Ben Artzi, Ido"]
[Black "Sargissian, Gabriel"]
[Result "0-1"]
[WhiteElo "2408"]
[BlackElo "2668"]
[EventDate "2015.02.24"]
[PlyCount "128"]

1.d4 Nf6 2.c4 e6 3.Nc3 d5 4.cxd5 exd5 5.Bg5 c6 6.Qc2 Be7 7.e3 Nbd7 8.Bd3 
Nh5 9.Bxe7 Qxe7 10.Nge2 Nb6 11.O-O g6 12.Rae1 O-O 13.Nc1 Be6 14.f3 Rad8 
15.Qf2 Nd7 16.Bc2 c5 17.e4 Ndf6 18.exd5 Nxd5 19.dxc5 Nxc3 20.bxc3 Qf6 21.
Bb3 Nf4 22.Re4 Rd7 23.Rd4 Rxd4 24.cxd4 Bh3 25.Ne2 Nxg2 26.Qg3 Re8 27.Rf2 
Nf4 28.Kh1 Rxe2 29.Rxe2 Nxe2 30.Qxh3 Qxd4 31.Qf1 Nf4 32.Qe1 Kg7 33.Qg1 Qc3
34.Qf2 Qc1+ 35.Qg1 Qxg1+ 36.Kxg1 Nd3 37.Bd5 Nxc5 38.Kf2 Kf6 39.Ke3 b6 40.
Kd4 Ne6+ 41.Ke4 Ke7 42.Bc4 Kd6 43.f4 f5+ 44.Ke3 Ke7 45.h4 Kf6 46.Bd5 h6 
47.Bc4 g5 48.fxg5+ hxg5 49.hxg5+ Nxg5 50.Kd4 Ne6+ 51.Kd5 Nc5 52.Kd6 f4 53.
Kc7 Ke5 54.Kb8 Kd4 55.Bf1 f3 56.Kxa7 Na4 57.Ka6 Kc5 58.a3 f2 59.Bh3 Nc3 
60.Bf1 Nb1 61.a4 Nc3 62.a5 b5 63.Kb7 b4 64.a6 Nd5 0-1

[Event "16th EUR-ch"]
[Site "Jerusalem ISR"]
[Date "2015.02.24"]
[Round "1"]
[White "Kuzubov, Yuriy"]
[Black "Deac, Bogdan-Daniel"]
[Result "1/2-1/2"]
[WhiteElo "2667"]
[BlackElo "2402"]
[EventDate "2015.02.24"]
[PlyCount "115"]

1.c4 Nf6 2.Nf3 e6 3.g3 a6 4.Bg2 b5 5.b3 Bb7 6.d4 c5 7.d5 exd5 8.Nh4 g6 9.
cxd5 Bg7 10.Bb2 O-O 11.O-O d6 12.e4 Nbd7 13.Nd2 a5 14.a4 Ba6 15.Re1 Re8 
16.axb5 Bxb5 17.Qc2 Nb6 18.Nc4 a4 19.Nxb6 Qxb6 20.bxa4 Bxa4 21.Qc1 Bb5 22.
Rxa8 Rxa8 23.e5 dxe5 24.Bxe5 Re8 25.Bf4 Rxe1+ 26.Qxe1 Bc4 27.Be5 Bf8 28.
Qd1 Nd7 29.Bc3 Qb3 30.Qxb3 Bxb3 31.Nf3 Bxd5 32.Ne5 Be6 33.Nxd7 Bxd7 34.Bd5
Bg7 35.Bxg7 Kxg7 36.f4 Be6 37.Be4 Kf6 38.Kf2 h6 39.Ke3 Bf5 40.Bd5 g5 41.
fxg5+ hxg5 42.h4 gxh4 43.gxh4 Be6 44.Be4 Ke5 45.h5 Bf5 46.Bf3 c4 47.Be2 c3
48.Bc4 Kf6 49.h6 Ke7 50.Bb3 Bh7 51.Ke2 f6 52.Kd1 Kd6 53.Bc2 f5 54.Ke2 Ke5 
55.Kd3 Kf6 56.Kxc3 Kg5 57.Bxf5 Bxf5 58.h7 1/2-1/2

[Event "16th EUR-ch"]
[Site "Jerusalem ISR"]
[Date "2015.02.24"]
[Round "1"]
[White "Reshef, Omer"]
[Black "Motylev, Alexander"]
[Result "0-1"]
[WhiteElo "2402"]
[BlackElo "2665"]
[EventDate "2015.02.24"]
[PlyCount "56"]

1.e4 c6 2.d4 d5 3.e5 Bf5 4.h4 Qc7 5.g4 Bd7 6.h5 c5 7.Nc3 cxd4 8.Qxd4 e6 9.
Nf3 Nc6 10.Qf4 a6 11.Nxd5 Qa5+ 12.Nc3 Nb4 13.Bd3 Nd5 14.Qg3 Nxc3 15.Bd2 
Bb4 16.bxc3 Bxc3 17.Qf4 Ne7 18.h6 gxh6 19.Bxc3 Qxc3+ 20.Ke2 Bc6 21.Rae1 
Nd5 22.Qxh6 Qb4 23.Rh3 Nf4+ 24.Kf1 Nxh3 25.Qxh3 Qf4 26.Re3 O-O-O 27.Nd2 
Rd4 28.Nb3 Ra4 0-1

[Event "16th EUR-ch"]
[Site "Jerusalem ISR"]
[Date "2015.02.24"]
[Round "1"]
[White "Howell, David"]
[Black "Slavin, Alexey"]
[Result "1/2-1/2"]
[WhiteElo "2663"]
[BlackElo "2391"]
[EventDate "2015.02.24"]
[PlyCount "142"]

1.e4 c5 2.c3 g6 3.Nf3 Bg7 4.d4 cxd4 5.cxd4 d5 6.e5 Bg4 7.Bb5+ Nc6 8.Bxc6+ 
bxc6 9.Nbd2 f6 10.Qa4 Bd7 11.O-O c5 12.Qa3 cxd4 13.Re1 fxe5 14.Nxe5 Nf6 
15.Nb3 O-O 16.Nc5 Bc8 17.Bf4 Ne4 18.Nxe4 dxe4 19.Nc6 Qd7 20.Nxe7+ Kh8 21.
Nxc8 Qxc8 22.Rxe4 Qc2 23.Qe7 d3 24.Rf1 Qxb2 25.Bd6 Qxa2 26.Qb7 Rg8 27.Be5 
Rad8 28.Qe7 Qd5 29.Rd1 d2 30.Re2 Rd7 31.Bxg7+ Rxg7 32.Qf6 h6 33.Qf4 Kh7 
34.Rexd2 Qe6 35.h4 Rxd2 36.Qxd2 Re7 37.Qd4 h5 38.g3 Qf7 39.Kg2 Qe6 40.Kh2 
Qf7 41.Ra1 Rd7 42.Qe3 Re7 43.Qd2 Rd7 44.Qa2 Qxa2 45.Rxa2 Kg7 46.Ra6 Rf7 
47.Kg2 Kh7 48.Kf1 Re7 49.f3 Kg7 50.Kf2 Kh7 51.f4 Rb7 52.Ra3 Kg7 53.Kf3 Kf6
54.g4 hxg4+ 55.Kxg4 Kg7 56.Ra6 Rf7 57.Kg5 Rf5+ 58.Kg4 Rf7 59.Ra3 Kh6 60.
Ra5 Rg7 61.Ra6 Rb7 62.h5 Rb6 63.Rxb6 axb6 64.hxg6 Kxg6 65.f5+ Kf6 66.Kf4 
b5 67.Ke4 b4 68.Kd4 b3 69.Kc3 b2 70.Kc2 b1=Q+ 71.Kxb1 Kxf5 1/2-1/2

[Event "16th EUR-ch"]
[Site "Jerusalem ISR"]
[Date "2015.02.24"]
[Round "1"]
[White "Bitensky, Igor"]
[Black "Saric, Ivan"]
[Result "1/2-1/2"]
[WhiteElo "2384"]
[BlackElo "2661"]
[EventDate "2015.02.24"]
[PlyCount "83"]

1.Nf3 d5 2.g3 c6 3.Bg2 Bf5 4.O-O e6 5.d3 Be7 6.Qe1 Nf6 7.Nh4 Bg4 8.h3 Bh5 
9.f4 O-O 10.e4 Nfd7 11.Nf3 Bxf3 12.Bxf3 a5 13.Nd2 a4 14.a3 Na6 15.Bg2 Re8 
16.Kh1 Bf8 17.Qe2 Nc7 18.Nf3 dxe4 19.dxe4 e5 20.f5 Nb5 21.Rd1 Qc7 22.Be3 
Nf6 23.Bf2 Nd4 24.Nxd4 exd4 25.Bxd4 Qxg3 26.Rd3 Qh4 27.Bf2 Qg5 28.Re1 Ra5 
29.Be3 Qh5 30.Qxh5 Nxh5 31.Bd2 Rb5 32.Bf3 Nf6 33.Bc3 Rc5 34.Re2 Rc4 35.e5 
Nd5 36.Bxd5 cxd5 37.Rxd5 Bxa3 38.e6 fxe6 39.fxe6 Bb4 40.Bxb4 Rxb4 41.c3 
Rb6 42.Rd7 1/2-1/2

[Event "16th EUR-ch"]
[Site "Jerusalem ISR"]
[Date "2015.02.24"]
[Round "1"]
[White "Nisipeanu, Liviu-Dieter"]
[Black "Iovcov, Valerii"]
[Result "1/2-1/2"]
[WhiteElo "2654"]
[BlackElo "2368"]
[EventDate "2015.02.24"]
[PlyCount "127"]

1.d4 Nf6 2.c4 e6 3.Nf3 d5 4.Nc3 c6 5.g3 Nbd7 6.Bg2 Be7 7.O-O O-O 8.Qd3 b6 
9.Rd1 Ba6 10.b3 Rc8 11.e4 c5 12.exd5 Nxd5 13.Nxd5 exd5 14.Qf5 dxc4 15.dxc5
Bf6 16.Bg5 Rxc5 17.Bxf6 Nxf6 18.Qxc5 bxc5 19.Rxd8 Rxd8 20.Bf1 Bb7 21.Ne5 
c3 22.Rc1 Ne4 23.f3 Nd2 24.Rxc3 f6 25.Nd3 Ba6 26.Be2 Nb1 27.Rc1 Bxd3 28.
Bxd3 Rxd3 29.Rxb1 Rxf3 30.Rc1 Rd3 31.Rxc5 Rd1+ 32.Kg2 Rd2+ 33.Kf3 Rxa2 34.
h4 Rb2 35.Rc8+ Kf7 36.Rc7+ Kg6 37.Rxa7 Rxb3+ 38.Kg2 Rb2+ 39.Kf3 Rb3+ 40.
Kg2 Re3 41.Kf2 Rd3 42.Rb7 Rd6 43.Kf3 f5 44.h5+ Kh6 45.Rf7 Rd3+ 46.Kg2 Rd2+
47.Kf3 Rd3+ 48.Kg2 g6 49.hxg6 hxg6 50.g4 fxg4 51.Rf8 Kg5 52.Ra8 Rf3 53.Rb8
Kf4 54.Rb4+ Kg5 55.Rb8 Rc3 56.Ra8 g3 57.Ra4 Kf5 58.Rb4 g5 59.Ra4 g4 60.Ra8
Rf3 61.Rf8+ Ke4 62.Re8+ Kd3 63.Rg8 Ke2 64.Re8+ 1/2-1/2

[Event "16th EUR-ch"]
[Site "Jerusalem ISR"]
[Date "2015.02.24"]
[Round "1"]
[White "Golubov, Saveliy"]
[Black "Khismatullin, Denis"]
[Result "1/2-1/2"]
[WhiteElo "2362"]
[BlackElo "2653"]
[EventDate "2015.02.24"]
[PlyCount "79"]

1.e4 c5 2.Nf3 d6 3.d4 cxd4 4.Nxd4 Nf6 5.Nc3 a6 6.Be2 Nbd7 7.O-O g6 8.Re1 
Bg7 9.Bf1 O-O 10.Nd5 e5 11.Nxf6+ Nxf6 12.Nb3 b5 13.a4 b4 14.a5 d5 15.exd5 
Nxd5 16.Bc4 Nf4 17.Qxd8 Rxd8 18.g3 Be6 19.Bxf4 exf4 20.Bxe6 fxe6 21.gxf4 
Rac8 22.Re4 Rxc2 23.Rxb4 Rxb2 24.Rc1 e5 25.fxe5 Bxe5 26.Re4 Bd6 27.Nc5 Rf8
28.Nd3 Rd2 29.Rd4 Rf6 30.Rcc4 Kg7 31.Kg2 g5 32.h3 Bb8 33.Rc8 Rd6 34.Rxd6 
Bxd6 35.Nc5 Rd5 36.Nxa6 Kf7 37.Rc6 Ke7 38.Rb6 Rxa5 39.Nb4 Bxb4 40.Rxb4 
1/2-1/2

[Event "16th EUR-ch"]
[Site "Jerusalem ISR"]
[Date "2015.02.24"]
[Round "1"]
[White "Mamedov, Rauf"]
[Black "Soltanici, Ruslan"]
[Result "1/2-1/2"]
[WhiteElo "2650"]
[BlackElo "2350"]
[EventDate "2015.02.24"]
[PlyCount "100"]

1.Nf3 Nf6 2.g3 b6 3.Bg2 Bb7 4.O-O e6 5.c4 c5 6.b3 Be7 7.Bb2 O-O 8.Nc3 d6 
9.Qc2 Nbd7 10.Rad1 a6 11.a4 Qc7 12.e4 Rfe8 13.h3 Rac8 14.d3 Nb8 15.Qd2 Nc6
16.d4 cxd4 17.Nxd4 Na5 18.Qc2 Qb8 19.Rfe1 Ba8 20.h4 Bf8 21.Ba3 Red8 22.Bh3
Re8 23.Qa2 Bb7 24.Bf1 Red8 25.Bh3 Re8 26.Bg2 Ng4 27.Nc2 Nf6 28.Ne3 Nc6 29.
Qe2 Rcd8 30.g4 g6 31.Bb2 Bg7 32.Nb1 Ne5 33.f4 Ned7 34.Qc2 Qa8 35.g5 Nxe4 
36.Bxg7 Kxg7 37.Nc3 Ng3 38.Rxd6 Nc5 39.Qb2 Kg8 40.Red1 Rxd6 41.Rxd6 Bxg2 
42.Qxg2 Qb8 43.Qc6 Rd8 44.Rxd8+ Qxd8 45.Qf3 Qd4 46.b4 Nce4 47.Nxe4 Nxe4 
48.Kg2 Kg7 49.Qe2 Nc3 50.Qf2 Kg8 1/2-1/2

[Event "16th EUR-ch"]
[Site "Jerusalem ISR"]
[Date "2015.02.24"]
[Round "1"]
[White "Postny, Evgeny"]
[Black "Birnboim, Nathan"]
[Result "0-1"]
[WhiteElo "2647"]
[BlackElo "2347"]
[EventDate "2015.02.24"]
[PlyCount "104"]

1.d4 Nf6 2.c4 g6 3.f3 d6 4.e4 Bg7 5.Nc3 O-O 6.Be3 c5 7.Nge2 Nc6 8.d5 Ne5 
9.Ng3 h5 10.Be2 Nh7 11.O-O e6 12.Qd2 exd5 13.cxd5 a6 14.a4 Re8 15.Nh1 f5 
16.Nf2 Rb8 17.h3 Qh4 18.Bf4 Bd7 19.a5 Rf8 20.exf5 gxf5 21.Kh1 Rbe8 22.Ra3 
Qe7 23.Bh2 c4 24.Nfd1 Rc8 25.f4 Nd3 26.Bxd3 cxd3 27.Qxd3 Nf6 28.Bg1 Ne4 
29.Re1 Qh4 30.Re3 Nxc3 31.Nxc3 Qxf4 32.Re7 Rf7 33.Qe2 Rxe7 34.Qxe7 Re8 35.
Qxd7 Re1 36.Qd8+ Kh7 37.Ne2 Rxe2 38.Rf3 Qe4 39.Qxd6 Re1 40.Qd7 Qb1 41.
Qxf5+ Qxf5 42.Rxf5 Bd4 43.Rxh5+ Kg6 44.g4 Rxg1+ 45.Kh2 Rb1 46.Kg3 Rxb2 47.
Rf5 Bc3 48.d6 Rb5 49.d7 Bxa5 50.Rf8 Rd5 51.h4 Be1+ 52.Kf4 Bxh4 0-1